00889nam a2200265Ia 450000100060000000300090000600800410001504000130005604000130006904100130008210000170009510000290011224500720014124500650021325000110027826000100028926000280029926000490032730000570037650000910043365000200052465000310054470000190057570000290059441477IT-RoPAU130308s9999 xx 000 0 und d aIT-RoPAU cIT-RoPAU aFRANCESE aBaumol Hilda gCodice Aut. SPICS: 17997 aAvenir du theatre et le probleme des couts du spectacle vivant (L') bEconomie Du Spectacle vivant et l'audiovisuel (L')-Nice 1984 a1a ed. aPARIS bDocumentation Francaise c1985 [1° Ed.:1985 - Ed.Ling.Originale:1984] a"32 p. (prefazione: no ; testo: 32 [pagine: 39-70])" aAvvenire del Teatro Problema dei costi nel Teatro Liste di grafici e Tabelle dei Costi aSAGGI DI TEATRO eCodice materia Spics: 8411 aBaumol William gCodice Aut. SPICS: 17998